Skip to main content
Your cart is empty.
Your lists
Log in to create your own lists
Your cookies
العربية
English
العربية
Home
Search
Advanced search
Authority search
About
The noble scholar, jurist, historian
His Excellency Dr. Abdul Wahhab bin Ibrahim Abu Sulaiman, may Allah have mercy on him.
He was born in Umm Al-Qura in the year 1356 AH.
Library catalog
Title
Author
Subject
ISBN
ISSN
Series
Call number
Log in to your account
×
Login:
Password:
Home
MARC view: محدث الحجاز السيد محمد بن علوي المالكي المكي الحسني المتوفي سنة 1425 هـ رحمه الله تعالى/
Normal view
MARC view
ISBD view
محدث الحجاز السيد محمد بن علوي المالكي المكي الحسني المتوفي سنة 1425 هـ رحمه الله تعالى/ (Record no. 13901)
[
view plain
]
MARC details
000 -LEADER
fixed length control field
01287cam a22002651i 4500
003 - CONTROL NUMBER IDENTIFIER
control field
SA-RiAUC
005 - DATE AND TIME OF LATEST TRANSACTION
control field
20260106115720.0
008 - FIXED-LENGTH DATA ELEMENTS--GENERAL INFORMATION
fixed length control field
260105s2010 le g 000 0bara c
020 ## - INTERNATIONAL STANDARD BOOK NUMBER
International Standard Book Number
2745164465
040 ## - CATALOGING SOURCE
Original cataloging agency
SA-JeALM
Language of cataloging
ara
Transcribing agency
SA-RiAUC.
Description conventions
rda
082 04 - DEWEY DECIMAL CLASSIFICATION NUMBER
Classification number
922.582
Assigning agency
SA-RiAUC
090 ## - LOCALLY ASSIGNED LC-TYPE CALL NUMBER (OCLC); LOCAL CALL NUMBER (RLIN)
Classification number (OCLC) (R) ; Classification number, CALL (RLIN) (NR)
922.582
Local cutter number (OCLC) ; Book number/undivided call number, CALL (RLIN)
ع ب ي
100 1# - MAIN ENTRY--PERSONAL NAME
Personal name
العبيدي، أسرار ثامر هادي
Relator term
مؤلف.
245 10 - TITLE STATEMENT
Title
محدث الحجاز السيد محمد بن علوي المالكي المكي الحسني المتوفي سنة 1425 هـ رحمه الله تعالى/
Remainder of title
وجهوده الكلامية
Statement of responsibility, etc.
تأليف أسرار ثامر هادي العبيدي ، تقديم عبدالكريم طعمه ، محسن الراوي ، ثائر الشمري
250 ## - EDITION STATEMENT
Edition statement
الطبعة الأولى.
264 #1 - PRODUCTION, PUBLICATION, DISTRIBUTION, MANUFACTURE, AND COPYRIGHT NOTICE
Place of production, publication, distribution, manufacture
عمان - الأردن :
Name of producer, publisher, distributor, manufacturer
دار الفتح للدراسات والنشر،
Date of production, publication, distribution, manufacture, or copyright notice
2019
300 ## - PHYSICAL DESCRIPTION
Extent
800 صفحة ؛
Dimensions
24 سم
336 ## - CONTENT TYPE
Content type term
نص
Content type code
txt
Source
rdacontent
Materials specified
كتاب
337 ## - MEDIA TYPE
Media type term
بدون وسيط
Media type code
n
Source
rdamedia
338 ## - CARRIER TYPE
Carrier type term
مجلد
Carrier type code
nc
Source
rdacarrier
600 17 - SUBJECT ADDED ENTRY--PERSONAL NAME
Personal name
الحسني، محمد بن علوي المالكي،
Dates associated with a name
1367-1425 هجري
Source of heading or term
aucnm
650 #7 - SUBJECT ADDED ENTRY--TOPICAL TERM
Topical term or geographic name entry element
الفقهاء المالكية
Form subdivision
تراجم
Source of heading or term
aucsh
942 ## - ADDED ENTRY ELEMENTS (KOHA)
Source of classification or shelving scheme
Dewey Decimal Classification
Koha item type
Books
Suppress in OPAC
No
949 ## - LOCAL PROCESSING INFORMATION (OCLC)
a
SA-JeALM
d
260105
u
osman123
n
1
Holdings
Withdrawn status
Lost status
Source of classification or shelving scheme
Damaged status
Not for loan
Home library
Current library
Date acquired
Total checkouts
Full call number
Barcode
Date last seen
Price effective from
Koha item type
Dewey Decimal Classification
DR AbdElwahab Library
DR AbdElwahab Library
01/06/2026
922.582 ع ب ي
000022261
01/06/2026
01/06/2026
Books
Place hold
Print
Add to your cart
(remove)
Save record
BIBTEX
Dublin Core
MARCXML
MARC (non-Unicode/MARC-8)
MARC (Unicode/UTF-8)
MARC (Unicode/UTF-8, Standard)
MODS (XML)
RIS
ISBD
More searches
Search for this title in:
Other Libraries (WorldCat)
Other Databases (Google Scholar)
Online Stores (Bookfinder.com)
Open Library (openlibrary.org)
Exporting to Dublin Core...
×
Simple DC-RDF
OAI-DC
SRW-DC